Wald- und Wiesenblumen - Statistiken

Allgemein
  • Dieses Quiz wurde 68 mal gespielt
  • Das Durchschnittsergebnis liegt bei 6 aus 16
Antwortstatistiken
Bildquiz Antwort % Korrekt
Löwenzahn
100%
Gänseblümchen
84%
Fingerhut
64%
Scharfer Hahnenfuß
64%
Waldveilchen
55%
Bärlauch
40%
Sauerklee
35%
Hohe Schlüsselblume
27%
Märzenbecher
25%
Buschwindröschen
24%
Taubnessel
24%
Schafgarbe
22%
Aronstab
18%
Wiesenschaumkraut
15%
Winterling
15%
Scharbockskraut
5%
Keine übereinstimmenden Quizze gefunden
Verteilung der Resultate
Anzahl Personen mit jedem Resultat
Perzentil nach korrekt beantworteten Fragen
Ihre Resultats-Entwicklung
Sie haben dieses Quiz noch nicht gespielt